| 000 | 005160000a22001930004500 | ||
|---|---|---|---|
| 003 | LK-CoMWRAF | ||
| 005 | 20230925234349.0 | ||
| 008 | 230817t ||||| |||| 00| 0 eng d | ||
| 040 |
_aLK-CoMWRAF _dLK-CoMWRAF _eLK-CoMWRAF |
||
| 041 | _aeng | ||
| 082 |
_a297 _bSHA |
||
| 100 | _aSharif, M.M. | ||
| 245 | _aIslamic and educational studies | ||
| 260 |
_aLahore (Pakistan) : _bInstitute of Islamic culture, _c1976 |
||
| 300 | _a123p | ||
| 650 | _aIslamic-education | ||
| 650 | _aMuslims -- Education | ||
| 942 | _cBK | ||
| 999 |
_c1426 _d1426 |
||